Segóbriga / (Record no. 21785)
[ view plain ]
| 000 -LEADER | |
|---|---|
| campo de control de longitud fija | 01141nam a2200265 i 4500 |
| 001 - NÚMERO DE CONTROL | |
| campo de control | 21785 |
| 003 - IDENTIFICADOR DE NÚMERO DE CONTROL | |
| campo de control | ES-MaACL |
| 005 - FECHA Y HORA DE LA ÚLTIMA TRANSACCIÓN | |
| campo de control | 20230906152538.0 |
| 007 - CAMPO FIJO DE DESCRIPCIÓN FÍSICA--INFORMACIÓN GENERAL | |
| campo de control de longitud fija | t| |
| 008 - DATOS DE LONGITUD FIJA--INFORMACIÓN GENERAL | |
| campo de control de longitud fija | 021127m19831984sp ||||1| spa d |
| 020 ## - NÚMERO INTERNACIONAL ESTÁNDAR DEL LIBRO | |
| Número Internacional Estándar del Libro | 84-505-0775-8 |
| 100 1# - ENTRADA PRINCIPAL--NOMBRE DE PERSONA | |
| Nombre de persona | Almagro Basch, Martín. |
| 9 (RLIN) | 20073 |
| 245 10 - MENCIÓN DEL TÍTULO | |
| Título | Segóbriga / |
| Mención de responsabilidad, etc. | por Martín Almagro Basch. |
| 260 ## - PUBLICACIÓN, DISTRIBUCIÓN, ETC. | |
| Lugar de publicación, distribución, etc. | Madrid : |
| Nombre del editor, distribuidor, etc. | Dirección General de Bellas Artes y Archivos, |
| Fecha de publicación, distribución, etc. | 1983-1984. |
| 300 ## - DESCRIPCIÓN FÍSICA | |
| Extensión | 2 v. : |
| Otras características físicas | il. ; |
| Dimensiones | 29 cm. |
| 490 1# - MENCIÓN DE SERIE | |
| Mención de serie | Excavaciones arqueológicas en España ; |
| Designación de volumen o secuencia | 123, 127 |
| 505 8# - NOTA DE CONTENIDO CON FORMATO | |
| Nota de contenido con formato | Contiene: I. Los textos de la antigüedad sobre Segóbriga y las discusiones acerca de la situación geográfica de aquella ciudad -- II. Inscripciones ibéricas, latinas paganas y latinas cristianas. |
| 650 #4 - PUNTO DE ACCESO ADICIONAL DE MATERIA--TÉRMINO DE MATERIA | |
| Término de materia o nombre geográfico como elemento de entrada | Inscripciones- |
| Subdivisión geográfica | Cuenca (Provincia) |
| 9 (RLIN) | 173229 |
| 651 #4 - PUNTO DE ACCESO ADICIONAL DE MATERIA--NOMBRE GEOGRÁFICO | |
| Nombre geográfico | Segóbriga (Ciudad desaparecida) |
| 9 (RLIN) | 173219 |
| 651 #4 - PUNTO DE ACCESO ADICIONAL DE MATERIA--NOMBRE GEOGRÁFICO | |
| Nombre geográfico | Cuenca (Provincia)- |
| Subdivisión general | Restos arqueológicos. |
| 9 (RLIN) | 149775 |
| 710 1# - ENTRADA AGREGADA--NOMBRE DE ENTIDAD CORPORATIVA | |
| Nombre de entidad corporativa o nombre de jurisdicción como elemento de entrada | España. |
| Unidad subordinada | Dirección General de Bellas Artes y Archivos. |
| 9 (RLIN) | 3708 |
| 830 1# - PUNTO DE ACCESO ADICIONAL DE SERIE-TÍTULO UNIFORME | |
| Título uniforme | Excavaciones arqueológicas en España ; |
| Designación de volumen o secuencia | 123, 127 |
| 9 (RLIN) | 177264 |
| 852 ## - LOCALIZACIÓN | |
| Ubicación | ES-MaACL |
| Número de control de estantería | L-10215-16 |
| Estatus retirado | Estado de pérdida | Estado de daño | No para préstamo | Biblioteca de origen | Biblioteca actual | Ubicación en estantería | Fecha de adquisición | Fuente de adquisición | Total de préstamos | Signatura topográfica completa | Código de barras | Visto por última vez | Precio de reemplazo | Tipo de ítem Koha |
|---|---|---|---|---|---|---|---|---|---|---|---|---|---|---|
| Biblioteca del Ateneo de Madrid | Biblioteca del Ateneo de Madrid | Depósito 2 | 17/01/2008 | L-10215-16 | 1022392 | 23/02/2023 | 23/02/2023 | Libro impreso |
